Регионална библиотека "Любен Каравелов" - Русе

Английски фантастични разкази (Запис номер 120092)

MARC детайли
000 -Лидер
Контролно поле с фиксирана дължина 01139nam a2200289 c 4500
003 - Код на организацията, давaща контролен номер
Контролно поле BLK
005 - Дата и час на последна редакция
Контролно поле 20200827132839.0
008 - Елементи от данни с фиксирана дължина
fixed length control field 180409b bul|||||r ||||||| ||bul||
010 ## - Наследен системен номер
LC control number KNG00125708000
040 ## - Източник на каталожния запис
Идентификатор на билиотеката - собственик на записа BLK
041 ## - Код за език
Код за езика на текст/звукозапис или на отделно заглавие Български
Код за езика КДБФ Български
080 ## - УДК
Текстов определител УДК Английска литература
УДК код - определител по УДК 821.111
УДК определител -322.9
УДК - код + определител 821.111-322.9
139 ## - Редно поле
Редна дума Английски фантастични разкази
Авторски знак Ан - А 64
245 10 - Сведения за заглавието
Заглавие Английски фантастични разкази
Подзаглавни данни Сб.
Редно поле (дума) състав. Борис Иванов Миндов; худож. Венцеслав Веселинов.
257 ## - Страна на издаване
Страна на създаване/издаване Великобритания
260 ## - Област на издателските данни
Място на издаване, разпространение и проч. София
Име на издателя, разпространителя и проч. Отечество
Година на издаване 1986
300 ## - Физическа характеристика
Страници 368 с.
Илюстрации и др. с ил.
Размери/Мащаб 17 см
380 ## - Жанр
Жанр Худож. лит.
490 ## - СЕРИИ (Колекции)
Име на серия Фантастика
9 (RLIN) 201187
700 1# - Други автори (авторска отговорност)
Лично име Миндов, Борис Иванов
Автороска отговорност (Описва отношението между автора и произведението) състав.
9 (RLIN) 368236
700 1# - Други автори (авторска отговорност)
Лично име Веселинов, Венцеслав
Автороска отговорност (Описва отношението между автора и произведението) худож.
9 (RLIN) 316485
852 ## - Местоположение
Форматна сигнатура Цб І 22883
856 4# - Електронен адрес и достъп
Електронен формат pdf - файл
856 4# - Електронен адрес и достъп
Електронен формат pdf - файл
999 ## - СИСТЕМНИ КОНТРОЛНИ НОМЕРА
Koha biblionumber 120092
Koha biblioitemnumber 120092
942 ## - АРТИКУЛИ
Вид на библиотечния материал Книги
Скрит в OPAC Не
Периодичен библиозапис Да
944 ## - СЪЗДАВАНЕ И РЕДАКЦИЯ на ЗАПИСА
Създаване/Редакция Създаване
Дата на регистрацията/редакция 17.09.2011
Статус, дата на статуса 17.09.2011 - от С1,Р / 17.09.2011
Служител, извършил регистрацията/редакцията Виолета_Тройчева
944 ## - СЪЗДАВАНЕ И РЕДАКЦИЯ на ЗАПИСА
Създаване/Редакция Редакция
Дата на регистрацията/редакция 17.09.2011
Статус, дата на статуса 17.09.2011 - от С1,Р / 17.09.2011
999 ## - СИСТЕМНИ КОНТРОЛНИ НОМЕРА
Koha biblioitemnumber 120092
Наличности
Код за отписване Код за изгубен артикул Източник на класификационната схема Код за повреда Коз за рестрикции Код за отдаване Артикулен № Име на библиотеката - собственик Име на библиотеката, в която се намира в момента Статус (Текущо местоположение) Дата на вписване в системата Местоположение - отдел Цена в лева Инвентарен номер Систематично азбучна сигнатура Баркод Номер на екземпляра Цена в евро Служебна бележка Служебен тип на артикула
  Не е изгубен Universal Decimal Classification Не е повреден без рестрикции ползва се в читалня 193851 Регионална библиотека "Любен Каравелов" Русе Регионална библиотека "Любен Каравелов" Русе Хранилище 1986-01-01 Хранилище 0.94 455832 Цб І 22883 120000455832 1 0.48 Дост: Dp Вид: Д N: стар фонд Дата: 01.01.1986 Книги
Изтеглен Не е изгубен Universal Decimal Classification Не е повреден без рестрикции заемане за дома 193852 Регионална библиотека "Любен Каравелов" Русе Регионална библиотека "Любен Каравелов" Русе Заемна - подръчен фонд 1986-01-01 Заемна - подръчен фонд 0.94 457051 П 820-32/А 64 457051 2 0.48 Дост: Pk Вид: Ф N: стар фонд Дата: 01.01.1986 Книги
Изтеглен Не е изгубен Universal Decimal Classification Не е повреден без рестрикции заемане за дома 193853 Регионална библиотека "Любен Каравелов" Русе Регионална библиотека "Любен Каравелов" Русе Заемна - подръчен фонд 1986-01-01 Заемна - подръчен фонд 0.94 457055 П 820-32/А 64 457055 3 0.48 Дост: Pk Вид: Ф N: стар фонд Дата: 01.01.1986 Книги
Vip Innovations Ltd, Rousse, Bulgaria 2025